Statystyki dla który kraj jest większy quiz

Kliknij tutaj aby rozwiązać quiz!

Ogólne statystyki

  • Ten quiz został rozwiązany 185 razy
  • Średni wynik to 8 z 10

Statystyki odpowiedzi

ZagadnienieOdpowiedź% Poprawnych
który kraj jest większy?
95%
który kraj jest większy?
93%
który kraj jest większy?
92%
który kraj jest większy?
83%
który kraj jest większy?
83%
który kraj jest większy?
79%
który kraj jest większy?
76%
który kraj jest większy?
66%
który kraj jest większy?
64%
który kraj jest większy?
51%

Rozkład punktacji

Percentyl według liczby udzielonych odpowiedzi

Procent ludzi z każdym wynikiem

Twoja historia wyników

Nie rozwiązałeś tego quizu